000 00470nam a2200169 i 4500
001 50897
003 ES-MaACL
005 20230906162246.0
007 t|
008 030807s1969 sp ||||1| spa d
100 1 _aChamorro Turrez, Eduardo.
_937901
245 1 0 _aIniciación al proceso histórico /
_cEduardo Chamorro Turrez.
260 _aMadrid :
_bHalcón,
_c[1969-]
300 _a1 v. ;
_c18 cm.
500 _aEs el tomo I.
852 _aES-MaACL
_jP-1902
_bR.68570
999 _c50897
_d50897